| 000 | 00489nam a22001937a 4500 | ||
|---|---|---|---|
| 003 | CEME | ||
| 005 | 20210628203101.0 | ||
| 008 | 210218b xxu||||| |||| 00| 0 eng d | ||
| 020 | _a81-7808-267-5 | ||
| 040 | _c. | ||
| 082 | _a005.133-J LIN | ||
| 100 |
_aYellin, Frank, Lindholm, Tim _963230 |
||
| 245 | _aThe java virtual machine specification | ||
| 250 | _a2ND | ||
| 260 |
_aINDIA _bPEARSON EDUCATION ASIA _c2001 |
||
| 300 | _aXV,473P | ||
| 650 |
_aJAVA _957943 |
||
| 942 |
_cBK _2ddc |
||
| 999 |
_c572116 _d572116 |
||